000 00466cam a2200193ua 4500
020 _c4.50
041 _aeng
_h
082 _a591
_bANA/PR
100 _aAnanthanarayanan, V .
245 _aPre degree zoology /
_cV Ananthanarayanan.
_hTextual Documents
250 _a1 /
_b.
260 _aChennai :
_bS.Viswanathan ,
_c1964.
300 _a234 ; .
365 _a4.50
504 _a
700 1 _aParameswaran, R .
942 _cBK
999 _c5698
_d5698